logo

Bir Sreshtho Munshi Abdur Rouf Library
Jhenaidah Cadet College

Young Learner's Encyclopedia of Science Projects / (Record no. 12510)

MARC details
000 -LEADER
fixed length control field 00643nam a2200229 a 4500
001 - CONTROL NUMBER
JCCL Control Number 12510
003 - CONTROL NUMBER IDENTIFIER
JCCL marc code BD-JhCC
005 - DATE AND TIME OF LATEST TRANSACTION
control field 20220403103447.0
008 - FIXED-LENGTH DATA ELEMENTS--GENERAL INFORMATION
fixed length control field 210805s ii a|||| |||| 001 0 eng d
035 ## - SYSTEM CONTROL NUMBER
system control number (BD-JhCC)12510
040 ## - CATALOGING SOURCE
Original cataloging agency BD-JhCC
Modifying agency BD-JhCC
041 ## - LANGUAGE CODE
Language code of Book eng
082 ## - DEWEY DECIMAL CLASSIFICATION NUMBER
Classification number 507.8
Author mark and Year ROB
100 ## - MAIN ENTRY--PERSONAL NAME
Personal name Robson, Pam
245 ## - TITLE STATEMENT
Title Young Learner's Encyclopedia of Science Projects /
Statement of responsibility, etc Pam Robson and Mick Seller
260 ## - PUBLICATION, DISTRIBUTION, ETC. (IMPRINT)
Place of publication, distribution, etc New Delhi :
Name of publisher, distributor, etc Young Learner Publications,
Date of publication, distribution, etc ?
300 ## - PHYSICAL DESCRIPTION
Pagination 288 p. :
Other physical details illustration(color)
Dimensions 24 cm
504 ## - BIBLIOGRAPHY, ETC. NOTE
Bibliography, etc Includes index.
650 ## - SUBJECT ADDED ENTRY--TOPICAL TERM
Topical term or geographic name as entry element Science projects
700 ## - ADDED ENTRY--PERSONAL NAME
Personal name Seller, Mick
942 ## - ADDED ENTRY ELEMENTS (KOHA)
Source of classification or shelving scheme Dewey Decimal Classification
Koha item type Books
Holdings
Source of classification or shelving scheme Damaged status Not for loan Home library Current library Shelving location Date of accession Cost, normal purchase price Total Checkouts Full call number Barcode Date last seen Date checked out Copy number Koha item type
Dewey Decimal Classification     JCC Rouf Library JCC Rouf Library General Stacks 08/05/2021 900.00 1 507.8 ROB 17131 01/15/2026 12/17/2025 C-1 Books

JCC Library | Contacts | JCC Home

Last Update on 23 September 2017
Copyright @ 2017-2020 JCC Rouf Library
Rouf Library, Jhenidah Cadet College (JCC), Bangladesh